Discrete gauge theory (Record no. 138282)
[ view plain ]
| 000 -LEADER | |
|---|---|
| fixed length control field | 01179nam a2200313Ia 4500 |
| 100 1# - MAIN ENTRY--AUTHOR NAME | |
| Personal name | Oeckl, Robert. |
| 245 10 - TITLE STATEMENT | |
| Title | Discrete gauge theory |
| 260 ## - PUBLICATION, DISTRIBUTION, ETC. (IMPRINT) | |
| Place of publication | London : |
| Name of publisher | Imperial College Press, |
| Year of publication | 2005. |
| 300 ## - PHYSICAL DESCRIPTION | |
| Number of Pages | xii, 202 p. |
| 650 #0 - SUBJECT ADDED ENTRY--TOPICAL TERM | |
| Topical Term | Gauge fields (Physics) |
| Topical Term | Quantum groups. |
| Topical Term | Quantum field theory. |
| Topical Term | Quantum gravity. |
| Topical Term | Hopf algebras. |
| 856 40 - ELECTRONIC LOCATION AND ACCESS | |
| Uniform Resource Identifier | http://site.ebrary.com/lib/rucke/Doc?id=10174050 |
No items available.
